| 000 | 01303nam a2200241 i 4500 | ||
|---|---|---|---|
| 001 | 157751 | ||
| 003 | ES-MaACL | ||
| 005 | 20250717140809.0 | ||
| 008 | 040813s1896 sp agp |||| | spa d | ||
| 245 | 0 | 0 |
_aLimosna _b: [álbum literario-artístico / _c: publicado por iniciativa de D. Baltasar Champsaur, con el fin de socorrer a las familias de la víctimas de la catástrofe ocurrida en la ciudad de Palma de Mallorca el dia 25 de noviembre de 1895]. |
| 260 |
_aMadrid : _bA. Maura, _c1896 ( _fLit. Suc. de Rivadeneyra) |
||
| 300 |
_a[8], 102, [1] p. : _bil., grab. ; _c29 x 42 cm. |
||
| 500 | _aTexto de los principales literatos de España ; dibujos y música de artistas distinguidos ; fotograbados por Laporta. | ||
| 530 | _aDisponible en formato digital. | ||
| 594 | _aDescripción completada con datos de la BNE. | ||
| 597 | _aCubierta al cromo. | ||
| 599 | _aPortada alegórica dibujada por Francisco Maura y fotograb. por Laporta. | ||
| 700 | 1 |
_aChampsaur Sicilia, Baltasar. _9148711 |
|
| 700 | 1 |
_aLaporta, Francisco, _d1850-1914 _9152865 |
|
| 852 | 4 |
_aES-MaACL _jB-1418 _z- Enc. hol. conservando cub. rúst. con el escudo de Mallorca |
|
| 856 | 4 |
_uhttp://hdl.handle.net/10347/14902 _zRepositorio Institucional da Universidade de Santiago de Compostela |
|
| 999 |
_c157751 _d157751 |
||